000 00356 a2200157 4500
001 169128
020 _a
040 _cMagnum
100 _aLopes, Maria da Gloria
240 1 0 _aJogos na educacao: criar, fazer, jogar
_lpor
245 1 0 _aJogos na educacao: criar, fazer, jogar
362 0 _a1899
440 1 _aCortez
697 _aGERAL
942 _cBK
999 _c169128
_d169128